000 00328nam a22001337a 4500
020 _a0-06-009313-7
082 _a823
_bADA/S
100 _aADAMS, KYLIE
245 _aMARY-KATE OSLEN SO LITTLE TIME
_bDATING GAME
260 _aNEW YORK
_bPARACHUTE PRESS BOOK
_c2003
300 _a104
650 _aNOVEL
_zUNITED STATES
942 _cBK
999 _c2453
_d2453